Making Sense Of The ICD-11 For Mental health Professionals (Record no. 19267)
[ view plain ]
| 000 -LEADER | |
|---|---|
| fixed length control field | 00494nam a22001697a 4500 |
| 003 - CONTROL NUMBER IDENTIFIER | |
| control field | OSt |
| 005 - DATE AND TIME OF LATEST TRANSACTION | |
| control field | 20260223105942.0 |
| 008 - FIXED-LENGTH DATA ELEMENTS--GENERAL INFORMATION | |
| fixed length control field | 241128b |||||||| |||| 00| 0 eng d |
| 020 ## - INTERNATIONAL STANDARD BOOK NUMBER | |
| International Standard Book Number | 9781009182249 |
| 040 ## - CATALOGING SOURCE | |
| Original cataloging agency | SRHU |
| Language of cataloging | English |
| Transcribing agency | SRHU |
| 082 ## - DEWEY DECIMAL CLASSIFICATION NUMBER | |
| Edition number | 23rd |
| Classification number | 616.890012 |
| 245 ## - TITLE STATEMENT | |
| Title | Making Sense Of The ICD-11 For Mental health Professionals |
| Statement of responsibility, etc. | Tyrer; Peter . |
| 250 ## - EDITION STATEMENT | |
| Edition statement | 1st |
| 260 ## - PUBLICATION, DISTRIBUTION, ETC. | |
| Place of publication, distribution, etc. | U K |
| Name of publisher, distributor, etc. | Cambridge University Press |
| Date of publication, distribution, etc. | 2023 |
| 300 ## - PHYSICAL DESCRIPTION | |
| Extent | vii,150p |
| Dimensions | 22cm |
| 942 ## - ADDED ENTRY ELEMENTS (KOHA) | |
| Source of classification or shelving scheme | Dewey Decimal Classification |
| Koha item type | Psychiatry |
| Edition | 1st |
| Withdrawn status | Lost status | Source of classification or shelving scheme | Damaged status | Not for loan | Home library | Current library | Date acquired | Cost, normal purchase price | Total Checkouts | Barcode | Date last seen | Date last checked out | Price effective from | Koha item type |
|---|---|---|---|---|---|---|---|---|---|---|---|---|---|---|
| Dewey Decimal Classification | SRHU Library System | SRHU Library System | 28/11/2024 | 1871.00 | 2 | CL0023888 | 29/07/2025 | 17/07/2025 | 28/11/2024 | Psychiatry |
